Municipios actuales del Reino de Sevilla en un mapa - Estadísticas

Estadísticas generales
  • Esta prueba ha sido intentada 18 veces
  • La puntuación promedio es 156 de 242
Respuestas en el mapa
Las respuestas están codificadas por una escala verde-roja en el mapa de la prueba según el % correcto abajo.
 
Estadísticas de respuestas
Respuesta % Correcto
Algeciras
100%
Cádiz
100%
Huelva
100%
Sevilla
100%
Almonte
92%
Carmona
92%
Chiclana de la Frontera
92%
Écija
92%
El Puerto de Santa María
92%
Jerez de la Frontera
92%
Mairena del Aljarafe
92%
Puerto Moral
92%
Puerto Real
92%
Puerto Serrano
92%
Rota
92%
San Juan de Aznalfarache
92%
San Juan del Puerto
92%
San Roque
92%
Tarifa
92%
Alcalá de Guadaíra
83%
Alcalá de los Gazules
83%
Alcalá del Río
83%
Ayamonte
83%
Camas
83%
Coria del Río
83%
Dos Hermanas
83%
Isla Cristina
83%
La Línea de la Concepción
83%
La Puebla de Cazalla
83%
La Puebla de los Infantes
83%
La Puebla del Río
83%
La Rinconada
83%
Lebrija
83%
Lepe
83%
Los Palacios y Villafranca
83%
Marchena
83%
Morón de la Frontera
83%
Palos de la Frontera
83%
San Fernando
83%
Sanlúcar de Barrameda
83%
Sanlúcar de Guadiana
83%
Sanlúcar la Mayor
83%
Vejer de la Frontera
83%
Villanueva de Algaidas
83%
Villanueva de la Concepción
83%
Villanueva del Ariscal
83%
Villanueva de las Cruces
83%
Villanueva de los Castillejos
83%
Villanueva del Río y Minas
83%
Villanueva del Rosario
83%
Villanueva del Trabuco
83%
Villanueva de San Juan
83%
Villanueva de Tapia
83%
Albaida del Aljarafe
75%
Alcolea del Río
75%
Antequera
75%
Arahal
75%
Arcos de la Frontera
75%
Aznalcázar
75%
Aznalcóllar
75%
Barbate
75%
Bollullos de la Mitación
75%
Bollullos Par del Condado
75%
Burguillos
75%
Cantillana
75%
Castilblanco de los Arroyos
75%
Cazalla de la Sierra
75%
Chipiona
75%
Conil
75%
Coripe
75%
El Coronil
75%
El Cuervo de Sevilla
75%
El Viso del Alcor
75%
Estepa
75%
Gerena
75%
Gines
75%
La Campana
75%
Lantejuela
75%
Las Cabezas de San Juan
75%
Las Navas de la Concepción
75%
Lora de Estepa
75%
Lora del Río
75%
Los Barrios
75%
Olivares
75%
Osuna
75%
Palomares del Río
75%
Pruna
75%
Punta Umbría
75%
Salteras
75%
San Nicolás del Puerto
75%
Tocina
75%
Tomares
75%
Umbrete
75%
Utrera
75%
Valencina de la Concepción
75%
Villamanrique de la Condesa
75%
Aguadulce
67%
Alanís
67%
Almadén de la Plata
67%
Almensilla
67%
Aracena
67%
Benacazón
67%
Bormujos
67%
Brenes
67%
Casariche
67%
Castellar de la Frontera
67%
Castilleja de Guzmán
67%
Castilleja de la Cuesta
67%
Castilleja del Campo
67%
Constantina
67%
El Pedroso
67%
El Real de la Jara
67%
El Rubio
67%
El Saucejo
67%
Fuentes de Andalucía
67%
Gelves
67%
Guillena
67%
Herrera
67%
Hinojos
67%
Huévar del Aljarafe
67%
Isla Mayor
67%
Jimena de la Frontera
67%
La Algaba
67%
Los Molares
67%
Martín de la Jara
67%
Medina Sidonia
67%
Paterna de la Rivera
67%
Paterna del Campo
67%
Pedrera
67%
Peñaflor
67%
Santiponce
67%
Trebujena
67%
Villaverde del Río
67%
Algámitas
58%
Algodonales
58%
Badolatosa
58%
Beas
58%
Benalup-Casas Viejas
58%
Bonares
58%
Cala
58%
Carrión de los Céspedes
58%
Cartaya
58%
Chucena
58%
El Castillo de las Guardas
58%
El Garrobo
58%
El Granado
58%
El Madroño
58%
El Ronquillo
58%
Escacena del Campo
58%
Espartinas
58%
Espera
58%
Fuenteheridos
58%
Gilena
58%
Jabugo
58%
La Palma del Condado
58%
La Roda de Andalucía
58%
Los Corrales
58%
Lucena del Puerto
58%
Mairena de Alcor
58%
Marinaleda
58%
Moguer
58%
Montellano
58%
Paradas
58%
Pilas
58%
San José del Valle
58%
Villamartín
58%
Zufre
58%
Alájar
50%
Algar
50%
Aljaraque
50%
Almonaster la Real
50%
Berrocal
50%
Bornos
50%
Cabezas Rubias
50%
Calañas
50%
Corteconcepción
50%
Cortegana
50%
Cumbres de Enmedio
50%
Cumbres de San Bartolomé
50%
Cumbres Mayores
50%
El Almendro
50%
El Campillo
50%
El Cerro de Andévalo
50%
El Gastor
50%
El Palmar de Troya
50%
Encinasola
50%
Fuente de Piedra
50%
Galaroza
50%
Gibraleón
50%
Linares de la Sierra
50%
Minas de Riotinto
50%
Paymogo
50%
San Silvestre de Guzmán
50%
Santa Olalla del Cala
50%
Sierra de Yeguas
50%
Trigueros
50%
Valdelarco
50%
Valverde del Camino
50%
Villablanca
50%
Villalba del Alcor
50%
Villarrasa
50%
Zahara de la Sierra
50%
Alameda
42%
Almargen
42%
Archidona
42%
Ardales
42%
Aroche
42%
Bodonal de la Sierra
42%
Campillos
42%
Campofrío
42%
Cañete la Real
42%
Castaño del Robledo
42%
Cortelazor
42%
Cuevas Bajas
42%
Fregenal de la Sierra
42%
Higuera de la Sierra
42%
Higuera la Real
42%
Humilladero
42%
La Granada de Riotinto
42%
La Nava
42%
Los Marines
42%
Manzanilla
42%
Mollina
42%
Nerva
42%
Niebla
42%
Olvera
42%
Prado del Rey
42%
Puebla de Guzmán
42%
Rociana del Condado
42%
Rosal de la Frontera
42%
San Martín del Tesorillo
42%
Santa Ana la Real
42%
Teba
42%
Torre Alháquime
42%
Valle de Abdalajís
42%
Alosno
33%
Cueva de San Marcos
33%
Hinojales
33%
San Bartolomé de la Torre
33%
Santa Bárbara de Casa
33%
Zalamea la Real
33%
La Zarza-Perrunal
25%
No se encontraron pruebas coincidentes
Distribución de puntuación
Porcentaje de gente con cada puntuación
Porcentaje por número respondido
Historial de tus puntuaciones
No has intentado esta prueba.